000 00408 a2200157 4500
001 63883
020 _a8575421107 (broch.)
040 _cAnchieta - Pituba
100 _aLazear, Jonathon.
240 1 0 _aO homem que confundiu seu trabalho com a vida
_lpor
245 1 0 _aO homem que confundiu seu trabalho com a vida
300 _a151p.
362 0 _a2004
650 4 _aPsicologia diferencial
942 _cBK
999 _c63883
_d63883